01660nam a22003857a 4500003000500000005001700005008004100022010000800063011000900071035000800080040000900088090001000097100005100107245020500158260004100363300001100404502006500415590003700480590004100517590004100558590004100599590004100640590004100681590004100722590004200763650005000805650003900855901000700894942000900901949003900910949005300949999001301002952013301015952012601148CHAP20220329132913.0971010s1989 r 00010 d a118 a1090 a265 cCHAP aTesis00aVelázquez Monreal, José Joaquín.9118583 aEtiología, transmisión y relaciones agente causal-vector de una enfermedad en jitomate (Lycopersicon esculentum Mill.) transmisible por trialeurodes vaporariorum (Westwood) en el estado de Morelos aMontecilo, Méx. :bEl autor,c1989 a108 h. aTesis (Maestro en Ciencias) -- CP. Centro de Fitopatologìa aALEPHb10c20130110lUCH01h1204 aBATCH-UPDb10c20130109lUCH01h2319 aBATCH-UPDb10c20130110lUCH01h0253 aBATCH-UPDb10c20130110lUCH01h2007 aBATCH-UPDb10c20130409lUCH01h1842 aBATCH-UPDb10c20130410lUCH01h1327 aBATCH-UPDb10c20130914lUCH01h2048 aCONVERSIONb10c20130109lUCH01h130214aTomatexEnfermedades por nemátodos.911371414aTrialeurodes vaporariorum.9114900 aBK cFOLL bBCcTESd-9706eTS1h22413i265si bBCcTESd33724000612511eTS2fc.2h22414i265si c118d118 00102local4053708TESISaBCbBCcPA_TESISd2019-12-31fTESISl0p33724000612511r2019-12-31 00:00:00tc.2w2019-12-31yTESIS 00102local4051708TESISaBCbBCcPA_TESISd2019-12-31fTESISl0oTesisp-9706r2019-12-31 00:00:00w2019-12-31yTESIS